Maisons communautaires de l'enfant : (Record no. 130589)

MARC details
000 -CABECERA
campo de control de longitud fija 00971nam a2200253 a 4500
005 - FECHA Y HORA DE LA ÚLTIMA TRANSACCIÓN
campo de control 20210223130551.0
008 - ELEMENTOS DE LONGITUD FIJA--INFORMACIÓN GENERAL
campo de control de longitud fija 080730s2000 mx r 000 0 spa d
035 ## - NÚMERO DE CONTROL DEL SISTEMA
Número de control de sistema UPN01000158475
049 ## - COLECCIÓN
Colección UNE
080 ## - NÚMERO DE CLASIFICACIÓN DECIMAL UNIVERSAL
Número de la Clasificación Decimal Universal 372.32 (861) =40 OCH No.60.
100 1# - ASIENTO PRINCIPAL--NOMBRE PERSONAL
Nombre de persona Ochoa Nunez, Hernando
245 10 - MENCIÓN DE TÍTULO
Título Maisons communautaires de l'enfant :
Resto del título une expérience Colombienne, àcaractére innovateur concernant l'enfant d'âge pre-scolaire /
Mención de responsabilidad, etc. Hernando Ochoa Nuñez.
260 ## - PUBLICACIÓN, DISTRIBUCIÓN, ETC.
Lugar de publicación, distribución, etc. París :
-- UNESCO ;
-- New York :
-- UNICEF,
-- 1981.
300 ## - DESCRIPCIÓN FÍSICA
Extensión 10 p.
440 #0 - MENCIÓN DE SERIE/ASIENTO SECUNDARIO--TÍTULO
Título Notes, Comments ... ;
Designación de volumen o secuencia 60.
500 ## - NOTA GENERAL
Nota general Incluye bibliografía.
690 ## - PUNTO DE ACCESO ADICIONAL DE MATERIA LOCAL--TÉRMINO DE MATERIA (OCLC, RLIN)
Término de materia o nombre geográfico como elemento inicial Educación preescolar - Participación comunitaria - Colombia
690 ## - PUNTO DE ACCESO ADICIONAL DE MATERIA LOCAL--TÉRMINO DE MATERIA (OCLC, RLIN)
Término de materia o nombre geográfico como elemento inicial Servicios de salud - Educación preescolar - Colombia
690 ## - PUNTO DE ACCESO ADICIONAL DE MATERIA LOCAL--TÉRMINO DE MATERIA (OCLC, RLIN)
Término de materia o nombre geográfico como elemento inicial Colombia - Educación preescolar - Participación comunitaria
710 2# - ASIENTO SECUNDARIO - NOMBRE CORPORATIVO
Nombre de entidad corporativa o nombre de jurisdicción como elemento de entrada UNESCO
710 2# - ASIENTO SECUNDARIO - NOMBRE CORPORATIVO
Nombre de entidad corporativa o nombre de jurisdicción como elemento de entrada UNICEF
9 (RLIN) 24085
710 2# - ASIENTO SECUNDARIO - NOMBRE CORPORATIVO
Nombre de entidad corporativa o nombre de jurisdicción como elemento de entrada WFP.
Unidad subordinada Programa de Alimentación Mundial.
905 ## - TIPO DE MATERIAL
Tipo de material UNESCO
Holdings
Estado de retiro Estado de pérdida Fuente del sistema de clasificación o colocación Estado dañado No para préstamo Código de colección Localización permanente Ubicación/localización actual Ubicación en estantería Fecha de adquisición Clasificación Código de barras Fecha visto por última vez Número de copia Tipo de ítem Koha
    Library of Congress Classification   Disponible (Préstamo en sala) UNESCO Bib. Gregorio Torres Quintero Bib. Gregorio Torres Quintero Colecciones especiales Planta alta 03/02/2023 372.32 (861) =40 OCH No. 60 U7160 31/12/2020 1 Libro